[Event "Druzynowe Mistrzostwa Polski Juniorow 2018 - II Liga"]
[Site "Szczyrk"]
[Date "1899-12-30"]
[Round "10.20"]
[White "Dytman, Radoslaw"]
[Black "Tustanowski, Mateusz"]
[Result "0-1"]
[WhiteTitle "I"]
[BlackTitle "I++"]
[WhiteElo "1728"]
[BlackElo "2078"]

1. e4 c5 2. Nf3 d6 3. d4 cxd4 4. Nxd4 Nf6 5. Nc3 g6 6. f4 Nc6 7. Be2 Bg7 8. Be3
O-O 9. Nb3 e5 10. O-O Be6 11. Bf3 exf4 12. Bxf4 Ne5 13. Nd5 Nxf3+ 14. Qxf3 Nxd5
15. exd5 Bf5 16. c3 Re8 17. Rae1 Qd7 18. h3 h5 19. Qg3 Qb5 20. Bxd6 Qxd5 21. Rd1
Qc4 22. Nd4 Be6 23. Qf4 Qxa2 24. Nxe6 Qxe6 25. Rde1 Qd7 26. Be5 Bxe5 27. Rxe5
Rxe5 28. Qxe5 Re8 29. Qc5 a6 30. Qb6 Re2 31. Rf2 Qd1+ 32. Kh2 Rxf2 33. Qxf2 Qd6+
34. Kg1 Qd1+ 35. Kh2 Qb3 36. Qd2 Kh7 37. Qf4 b5 38. Qf2 a5 39. Qa7 a4 40. Qf2
Qd5 41. Qf6 Qa2 42. Qe7 Qe6 43. Qc7 Qd5 44. Qf4 Kg7 45. Qb4 Qc4 46. Qd6 Qe4 47.
Qb8 Qe2 48. Qf4 Qxb2 49. Qe5+ Kh7 50. Qf6 Qb3 51. g4 Qe6 52. Qf2 hxg4 53. hxg4
Qe5+ 54. Kg2 Kg7 55. Qb2 Qe4+ 56. Kg3 Qc4 57. Qa1 Kg8 58. g5 Qd3+ 59. Kh4 Qe4+
60. Kg3 Qe5+ 61. Kg4 Qf5+ 62. Kh4 Qf4+ 63. Kh3 Qxg5 0-1

[Event "Druzynowe Mistrzostwa Polski Juniorow 2018 - II Liga"]
[Site "Szczyrk"]
[Date "1899-12-30"]
[Round "10.21"]
[White "Pisarek, Elzbieta"]
[Black "Nowak, Filip"]
[Result "1/2-1/2"]
[WhiteTitle "I"]
[BlackTitle "II+"]
[WhiteElo "1498"]
[BlackElo "1595"]

1. e4 c5 2. Nf3 e6 3. d4 cxd4 4. Nxd4 Nf6 5. Nc3 d6 6. g4 h6 7. h4 Nc6 8. Rg1 h5
9. gxh5 Nxh5 10. Bg5 Nf6 11. Be2 a6 12. Qd2 Be7 13. O-O-O Bd7 14. h5 Qc7 15. Rg3
O-O-O 16. Kb1 Nxd4 17. Qxd4 Bc6 18. a3 Kb8 19. Be3 Rdg8 20. Rdg1 Rh7 21. Na4 Bxa4
22. Qxa4 Qc6 23. Qxc6 bxc6 24. h6 g6 25. f3 Kb7 26. Rd1 d5 27. e5 Nd7 28. Rd3
Bc5 29. Rb3+ Ka7 30. Bxc5+ Nxc5 31. Rc3 Kb6 32. Rh3 Rgh8 33. Rh4 Nd7 34. Rb4+
Kc7 35. f4 Rxh6 36. Bxa6 Rb8 37. Rxb8 Nxb8 38. Be2 Rh4 39. Rf3 Nd7 40. Kc1 Nb6
41. Kd2 d4 42. c4 dxc3+ 43. Rxc3 Nd5 44. Rc5 Kb6 45. Rc4 Rxf4 46. Rxf4 Nxf4 47.
Bf3 g5 48. Ke3 Ng6 49. Ke4 Nf4 50. Kd4 c5+ 51. Ke3 Nd5+ 52. Ke4 Kc7 53. Bg4 f5+
54. exf6 Nxf6+ 55. Kf3 Kd6 56. b3 e5 57. Bf5 Kd5 58. Ke3 e4 59. a4 Ke5 60. Bh3
Nd5+ 61. Kd2 Kd4 62. Bg4 e3+ 63. Kc2 Nb4+ 64. Kd1 Nc6 65. Kc2 Nb4+ 66. Kd1 Kc3
67. Be6 Nc6 68. Bd5 Nd4 69. a5 Nb5 70. a6 Kd4 71. Bc6 Na7 72. Bb7 1/2-1/2

[Event "Druzynowe Mistrzostwa Polski Juniorow 2018 - II Liga"]
[Site "Szczyrk"]
[Date "1899-12-30"]
[Round "10.22"]
[White "Madajczak, Piotr"]
[Black "Pisarek, Jan"]
[Result "1/2-1/2"]
[WhiteTitle "I"]
[BlackTitle "II"]
[WhiteElo "1630"]
[BlackElo "1339"]

1. f4 d5 2. Nf3 Bg4 3. e3 Nf6 4. Be2 Nbd7 5. O-O Bxf3 6. Bxf3 e5 7. fxe5 Nxe5 8.
b3 Bd6 9. Bb2 c6 10. h3 Qc7 11. Nc3 O-O-O 12. b4 Nc4 13. Rb1 Bxb4 14. Bg4+ Kb8
15. Be2 Nxb2 16. Rxb2 Bxc3 17. dxc3 Ka8 18. Bf3 Rhe8 19. Qd3 Ne4 20. Rfb1 Rb8
21. Rb4 f5 22. Bxe4 dxe4 23. Qe2 Red8 24. Rd4 c5 25. Rdd1 g6 26. Qc4 a6 27. a4
Ka7 28. Kf2 Rxd1 29. Rxd1 b5 30. axb5 axb5 31. Ra1+ Kb7 32. Qxb5+ Kc8 33. Qe8+
Qd8 34. Qc6+ Qc7 35. Qe8+ Qd8 36. Qc6+ 1/2-1/2

[Event "Druzynowe Mistrzostwa Polski Juniorow 2018 - II Liga"]
[Site "Szczyrk"]
[Date "1899-12-30"]
[Round "10.23"]
[White "Wojcik, Jagoda"]
[Black "Krzyzosiak, Anna"]
[Result "1-0"]
[WhiteTitle "I++"]
[BlackTitle "I+"]
[WhiteElo "1599"]
[BlackElo "1552"]

1. e4 e5 2. Nf3 Nc6 3. d4 exd4 4. Nxd4 Bc5 5. Nb3 Bb6 6. a4 a5 7. Nc3 Qf6 8. Qe2
Nb4 9. Nd5 Nxd5 10. exd5+ Ne7 11. g3 d6 12. Bg2 Bf5 13. O-O O-O 14. c4 Rfe8 15.
Be3 Qg6 16. Qd2 Bd3 17. Rfc1 Bxe3 18. fxe3 Be4 19. Nd4 Bxg2 20. Qxg2 b6 21. e4
f5 22. Ne6 Rac8 23. Rf1 fxe4 24. Rae1 c6 25. Nf4 Qg5 26. Qxe4 Qe5 27. Qd3 Qxb2
28. dxc6 Qb4 29. Ne6 Nxc6 30. Qf5 Ne5 31. Rxe5 dxe5 32. Qf7+ Kh8 33. Qxg7# 1-0

[Event "Druzynowe Mistrzostwa Polski Juniorow 2018 - II Liga"]
[Site "Szczyrk"]
[Date "1899-12-30"]
[Round "10.24"]
[White "Krzyzosiak, Marta"]
[Black "Bialek, Alicja"]
[Result "0-1"]
[WhiteTitle "I"]
[BlackTitle "I"]
[WhiteElo "1579"]
[BlackElo "1308"]

1. e4 c5 2. Nf3 d6 3. d4 cxd4 4. Nxd4 Nf6 5. Nc3 g6 6. Bg5 Bg7 7. Bb5+ Nbd7 8.
Qe2 O-O 9. O-O-O a6 10. Bxd7 Bxd7 11. f3 Rc8 12. Qd2 b5 13. a3 b4 14. axb4 Rb8
15. Nb3 Be6 16. Nd5 Bxd5 17. exd5 Qb6 18. Bh6 Bxh6 19. Qxh6 Qxb4 20. Rd4 Qb5 21.
Rhd1 Rfc8 22. R4d3 Nxd5 23. Qg5 Rxc2+ 24. Kb1 Nc3+ 25. Rxc3 Rxb2+ 26. Kxb2 Qxg5
27. Kc2 Qxg2+ 28. Rd2 Qg5 29. Re2 Qf5+ 30. Kc1 Rc8 31. Rxc8+ Qxc8+ 32. Kb2 e5
33. Rd2 Qc6 34. Ka3 d5 35. Re2 e4 36. fxe4 dxe4 37. Kb2 f5 38. Rc2 Qd6 39. Rd2
Qe5+ 40. Kc2 e3 41. Rd8+ Kg7 42. Rd7+ Kh6 43. Rd1 Qxh2+ 44. Kc1 e2 45. Re1 f4
46. Nd4 f3 47. Nxf3 Qf2 48. Rh1+ Kg7 49. Ne1 Qf1 0-1

[Event "Druzynowe Mistrzostwa Polski Juniorow 2018 - II Liga"]
[Site "Szczyrk"]
[Date "1899-12-30"]
[Round "10.25"]
[White "Twardowski, Hubert"]
[Black "Bujalski, Mateusz"]
[Result "0-1"]
[WhiteTitle "I"]
[BlackTitle "I"]
[WhiteElo "1728"]
[BlackElo "1804"]

1. e4 c5 2. Nf3 Nc6 3. d4 cxd4 4. Nxd4 Nf6 5. Nc3 e6 6. Nxc6 bxc6 7. e5 Nd5 8.
Ne4 Be7 9. c4 Nb4 10. Bd2 Qc7 11. Bc3 O-O 12. a3 Na6 13. Nf6+ Bxf6 14. exf6 Qf4
15. g3 Qe4+ 16. Qe2 Qxh1 17. Qg4 g6 18. Qh4 Kh8 19. O-O-O Qf3 20. Bd3 Qh5 21.
Qf4 Nc5 22. Bc2 e5 23. Bxe5 Ne6 24. Qe3 Kg8 25. h4 Ba6 26. Rh1 Bxc4 27. Bd1 Qf5
28. Bc2 Qh5 29. Bd1 Qf5 30. Bc2 Qh5 31. f3 d6 32. Bc3 Qc5 33. Qh6 Qh5 34. Qe3
Qd5 35. Rd1 Qc5 36. Qh6 Qh5 37. Qe3 Rfe8 38. Rh1 Nc5 39. Qf4 Nd3+ 40. Bxd3 Bxd3
41. g4 Qc5 42. h5 Qe3+ 43. Qxe3 Rxe3 44. hxg6 Rxf3 45. Rxh7 Bxg6 46. Rg7+ Kf8
0-1

[Event "Druzynowe Mistrzostwa Polski Juniorow 2018 - II Liga"]
[Site "Szczyrk"]
[Date "1899-12-30"]
[Round "10.26"]
[White "Pancewicz, Szymon"]
[Black "Sulima, Franciszek"]
[Result "1-0"]
[WhiteTitle "II"]
[BlackTitle "II"]
[WhiteElo "1465"]
[BlackElo "1281"]

1. e4 c5 2. Nf3 d6 3. d4 cxd4 4. Nxd4 Nf6 5. Nc3 e6 6. Be3 Be7 7. Be2 a6 8. O-O
O-O 9. f4 Nbd7 10. Qe1 Qc7 11. g4 Nc5 12. Bf3 Ne8 13. a4 b6 14. g5 Bb7 15. f5
e5 16. Nde2 Qd7 17. b4 Nxe4 18. Nxe4 Qxf5 19. Nf6+ gxf6 20. Bxb7 Qg4+ 21. Qg3
Qxg3+ 22. Nxg3 Rb8 23. gxf6 Nxf6 24. Bxa6 Nd7 25. Nf5 Rfe8 26. Nh6+ Kg7 27. Rxf7+
Kg6 28. Bd3+ Kh5 29. Nf5 e4 30. Be2+ Kg6 31. Rxe7 Kxf5 32. Rxd7 Ke5 1-0

[Event "Druzynowe Mistrzostwa Polski Juniorow 2018 - II Liga"]
[Site "Szczyrk"]
[Date "1899-12-30"]
[Round "10.27"]
[White "Trzebinski, Patryk"]
[Black "Kycia, Marek"]
[Result "1-0"]
[WhiteTitle "I"]
[BlackTitle "II+"]
[WhiteElo "1779"]
[BlackElo "1388"]

1. e4 d5 2. exd5 Nf6 3. Nc3 Nxd5 4. Bc4 c6 5. Qh5 g6 6. Qf3 Nf6 7. h3 Bg7 8. Nge2
O-O 9. d3 a6 10. Bg5 b5 11. Bb3 Qc7 12. Bxf6 exf6 13. h4 h5 14. O-O-O Bb7 15.
Ne4 c5 16. Nxf6+ Kh8 17. Bd5 Bxd5 18. Nxd5 Qa5 19. Kb1 Nc6 20. Qe3 c4 21. g4 Rfe8
22. Qd2 Qxd2 23. Rxd2 Rad8 24. dxc4 bxc4 25. Nec3 Bxc3 26. bxc3 Re5 27. Rhd1 hxg4
28. Nf6 Rb8+ 29. Ka1 Reb5 30. Nxg4 Rh5 31. Rh1 Na7 32. Nf6 Rf5 33. Ne4 Nb5 34.
Rb1 Re8 35. Nd6 Nxd6 36. Rxd6 Rxf2 37. Rxa6 Rxc2 38. a4 Ree2 39. Rf1 Rxc3 40.
a5 Kg7 41. Ra7 Rd3 42. Raxf7+ Kh6 43. Rc7 c3 44. Rc1 Re5 45. Ra7 Re2 46. Rc7 Re5
47. Ra7 Re2 48. Kb1 Rb2+ 49. Ka1 Rb5 1-0

[Event "Druzynowe Mistrzostwa Polski Juniorow 2018 - II Liga"]
[Site "Szczyrk"]
[Date "1899-12-30"]
[Round "10.28"]
[White "Sidorczuk, Pawel"]
[Black "Dembicki, Karol"]
[Result "1-0"]
[WhiteTitle "II"]
[BlackTitle "II"]
[WhiteElo "1393"]
[BlackElo "1457"]

1. e4 c5 2. b3 e6 3. Bb2 Nf6 4. Nc3 d6 5. Bb5+ Nc6 6. f4 a6 7. Bxc6+ bxc6 8. Nf3
d5 9. Qe2 Be7 10. O-O-O a5 11. g4 Ba6 12. d3 d4 13. Na4 Nxg4 14. Ne5 Nxe5 15.
fxe5 Bb5 16. c4 Bxa4 17. bxa4 Rb8 18. Ba3 Qb6 19. Kc2 Qc7 20. Qh5 g6 21. Qh6 Qxe5
22. Bc1 Rb4 23. Bd2 Rb7 24. Rb1 Rxb1 25. Rxb1 Bd6 26. Bxa5 Qxh2+ 27. Qxh2 Bxh2
28. Bb6 Bd6 29. Bxc5 Kd7 30. Rb7+ Kc8 31. Ra7 Kb8 32. Bxd4 e5 33. Rd7 exd4 34.
Rxd6 c5 35. Rc6 Rc8 36. Rf6 Rc7 37. a5 h5 38. Kd2 Kc8 39. a4 Kd8 40. a6 Ke7 41.
e5 Kd8 42. a5 Re7 43. e6 Re8 44. exf7 Rf8 45. Rxg6 Kc7 46. Rg8 Rxf7 47. a7 Kd6
48. Qa8 h4 49. Qd8+ Rd7 50. Rg6+ Ke5 51. Qxd7 h3 52. Rg5+ Kf6 53. Qg7+ Ke6 54.
Re5+ Kd6 55. Qe7+ Kc6 56. Re6# 1-0

[Event "Druzynowe Mistrzostwa Polski Juniorow 2018 - II Liga"]
[Site "Szczyrk"]
[Date "1899-12-30"]
[Round "10.29"]
[White "Filipska, Maja"]
[Black "Tkaczyk, Weronika"]
[Result "1-0"]
[WhiteTitle "I++"]
[BlackTitle "I++"]
[WhiteElo "1569"]
[BlackElo "1502"]

1. e4 e5 2. d4 exd4 3. Bc4 Nc6 4. Nf3 Nf6 5. O-O Bc5 6. e5 Ng8 7. c3 dxc3 8. Bxf7+
Kxf7 9. Qd5+ Ke8 10. Qxc5 cxb2 11. Bxb2 Qe7 12. Qc3 Nh6 13. e6 Rg8 14. exd7+ Qxd7
15. Re1+ Ne7 16. Ba3 Nf5 17. Ng5 h6 18. Qc4 Rh8 19. Qf7+ Kd8 20. Ne6+ Qxe6 21.
Rxe6 Bxe6 22. Qxe6 Re8 23. Nc3 Nd4 24. Bxe7+ Rxe7 25. Qg8+ Re8 26. Qd5+ 1-0

[Event "Druzynowe Mistrzostwa Polski Juniorow 2018 - II Liga"]
[Site "Szczyrk"]
[Date "1899-12-30"]
[Round "10.30"]
[White "Wolszczak, Natalia"]
[Black "Skolska, Emilia"]
[Result "0-1"]
[WhiteTitle "II+"]
[BlackTitle "I"]
[WhiteElo "1079"]
[BlackElo "1157"]

1. e4 e5 2. Nf3 Nc6 3. Bc4 Bc5 4. c3 d6 5. d4 exd4 6. cxd4 Bb6 7. Nc3 Bg4 8. d5
Bxf3 9. Qxf3 Ne5 10. Qe2 Qf6 11. O-O O-O-O 12. b3 h5 13. Be3 g5 14. Qd2 Bxe3 15.
fxe3 Qg6 16. Qf2 Ne7 17. Qf6 Qxf6 18. Rxf6 N7g6 19. Raf1 Nxc4 20. bxc4 Ne5 21.
Nd1 Nxc4 22. R1f5 Rde8 23. Rxf7 Rxe4 24. Rxg5 Nxe3 25. Nxe3 Rxe3 26. Rgg7 Rc3
27. Kf2 Re8 28. Rh7 Kd8 29. Rd7+ Kc8 30. Rdf7 a5 31. a3 b5 32. Rxh5 Rxa3 33. Kg1
b4 34. Rf1 Re2 35. g4 Re4 36. g5 b3 37. Rb1 a4 38. g6 Rg4+ 39. Kf2 Ra2+ 40. Kf3
Rxg6 41. h4 b2 42. Rg5 Rh6 43. Rgg1 Rxh4 44. Ke3 Ra3+ 45. Kd2 Rb3 46. Kc2 Rh2+
47. Kd1 a3 48. Rg8+ Kb7 49. Rg1 a2 0-1

[Event "Druzynowe Mistrzostwa Polski Juniorow 2018 - II Liga"]
[Site "Szczyrk"]
[Date "1899-12-30"]
[Round "10.31"]
[White "Poziomkowski, Szymon"]
[Black "Sloniewski, Michal"]
[Result "1-0"]
[WhiteTitle "I"]
[BlackTitle "I"]
[WhiteElo "1767"]
[BlackElo "1806"]

1. e4 d6 2. d4 g6 3. Nc3 Bg7 4. Be3 Nf6 5. f3 O-O 6. Qd2 c6 7. h4 h5 8. Nh3 Bxh3
9. Rxh3 b5 10. Be2 b4 11. Nd1 Qa5 12. c3 c5 13. cxb4 cxb4 14. Nf2 Nc6 15. Nd3
Rab8 16. d5 Ne5 17. Nxe5 dxe5 18. Kf2 Rfc8 19. Rhh1 Rc7 20. a3 Qa4 21. Rhc1 Rbc8
22. axb4 Qd7 23. Rxa7 Rxa7 24. Rxc8+ Qxc8 25. Bxa7 e6 26. dxe6 Qxe6 27. Qd8+ Kh7
28. b5 Qb3 29. Be3 Ng8 30. b6 Bf6 31. Qd3 Qxb2 32. g3 Ne7 33. Qd7 Qb1 34. b7 Qh1
35. Qb8 Bxh4 36. gxh4 Qxh4+ 37. Kg2 1-0

[Event "Druzynowe Mistrzostwa Polski Juniorow 2018 - II Liga"]
[Site "Szczyrk"]
[Date "1899-12-30"]
[Round "10.32"]
[White "Lendzion, Kamil"]
[Black "Fiszer, Bartosz"]
[Result "0-1"]
[WhiteTitle "II+"]
[BlackTitle "CM"]
[WhiteElo "1663"]
[BlackElo "2011"]

1. e4 c5 2. Nf3 d6 3. d4 cxd4 4. Nxd4 Nf6 5. Nc3 Nc6 6. Bg5 e6 7. Qd2 a6 8. O-O-O
Bd7 9. f4 b5 10. f5 b4 11. fxe6 fxe6 12. Nce2 Nxe4 13. Bxd8 Nxd2 14. Rxd2 Nxd8
15. Ng3 Be7 16. Kb1 O-O 17. Bd3 d5 18. Re1 Bf6 19. Nb3 Nb7 20. Be2 a5 21. Bg4
Rae8 22. Nd4 Nc5 23. Nf3 g6 24. Ne5 Bb5 25. Nf3 h5 26. Bh3 h4 27. Ne2 Ne4 28.
Rdd1 Nf2 29. Rd2 Nxh3 30. gxh3 e5 31. Rg1 Kh7 32. b3 Bxe2 33. Rxe2 e4 34. Ne1
Bc3 35. Ng2 Rf7 36. Kc1 Ref8 37. Ne3 Rf2 38. Rxf2 Rxf2 39. Nxd5 Rxh2 40. a3 Bd2+
41. Kb2 e3 42. Nf6+ Kg7 43. Ne4 bxa3+ 44. Kxa3 Bb4+ 45. Ka4 Rxc2 0-1

[Event "Druzynowe Mistrzostwa Polski Juniorow 2018 - II Liga"]
[Site "Szczyrk"]
[Date "1899-12-30"]
[Round "10.33"]
[White "Cwiek, Ryszard"]
[Black "Zarebska, Lena"]
[Result "0-1"]
[WhiteTitle "I"]
[BlackTitle "I++"]
[WhiteElo "1741"]
[BlackElo "1817"]

1. e4 c5 2. c3 d5 3. exd5 Qxd5 4. d4 Nf6 5. Nf3 Nc6 6. Be3 cxd4 7. cxd4 e6 8. Nc3
Bb4 9. Bd3 O-O 10. O-O Qa5 11. Qb3 Bxc3 12. bxc3 Qc7 13. Qc2 h6 14. Rfe1 Nd5 15.
Qd2 Nxe3 16. Rxe3 b6 17. Bc2 Ba6 18. Ne5 Nxe5 19. Rxe5 Rac8 20. Rc1 Rfd8 21. Qe3
Bc4 22. Bb3 Qd6 23. Bxc4 Rxc4 24. d5 exd5 25. Re8+ Rxe8 26. Qxe8+ Qf8 27. Qb5
Rc5 28. Qd7 Qc8 29. Qxa7 Rxc3 30. Rf1 Qc4 31. g3 b5 32. Qb8+ Kh7 33. Qb7 Rf3 34.
Kg2 Rf6 35. h3 b4 36. h4 Qe4+ 37. f3 Qc4 38. Rf2 g6 39. Qe7 Qd4 40. Re2 Kg7 41.
Qe3 Qc3 42. Qxc3 bxc3 43. Rc2 d4 44. Kf2 Re6 45. a4 Ra6 46. Ke2 Rxa4 47. Kd3 Kf6
48. Re2 Rb4 49. Re4 g5 50. hxg5+ hxg5 51. g4 Kg6 52. f4 gxf4 53. Rxf4 f6 54. Rf5
Ra4 55. Rc5 Rb4 56. Rf5 Rb1 57. Rc5 Rd1+ 58. Kc2 Rd2+ 59. Kc1 Rg2 60. Rd5 Rxg4
61. Kc2 Rg2+ 62. Kb1 Rd2 63. Ka1 d3 64. Kb1 Rd1+ 65. Ka2 c2 66. Rc5 Qc1 67. Rxc1
Rxc1 68. Kb2 d2 69. Ka3 Qd1 70. Kb4 Qd4+ 71. Kb5 Qb2+ 72. Ka6 Ra1# 0-1

[Event "Druzynowe Mistrzostwa Polski Juniorow 2018 - II Liga"]
[Site "Szczyrk"]
[Date "1899-12-30"]
[Round "10.34"]
[White "Libura, Julianna"]
[Black "Cwiek, Stefan"]
[Result "0-1"]
[WhiteTitle "I"]
[BlackTitle "II"]
[WhiteElo "1540"]
[BlackElo "1238"]

1. e4 e5 2. Nf3 Nc6 3. d4 exd4 4. Nxd4 Bc5 5. Be3 Qf6 6. c3 Nge7 7. Bc4 b6 8. O-O
Bb7 9. Nb5 O-O-O 10. Bxc5 bxc5 11. f3 a6 12. N5a3 Ne5 13. Bd5 c6 14. Bb3 d5 15.
exd5 cxd5 16. Qe2 N7g6 17. Qe3 d4 18. cxd4 cxd4 19. Qf2 Kb8 20. Nd2 h5 21. Ndc4
h4 22. Nxe5 Nxe5 23. Nc4 Nd3 24. Qd2 Nf4 25. Na5 Qg5 26. Kh1 Rhe8 27. Bd1 Re3
28. Nxb7 Kxb7 29. Rg1 Qe5 30. Qb4+ Ka7 31. Qd2 Re8 32. Ba4 Re7 33. Bc6 Nd3 34.
Be4 Nc5 35. Rac1 f5 36. b4 Nxe4 37. fxe4 Qxe4 38. b5 h3 39. Qa5 hxg2+ 40. Rxg2
Re1+ 41. Rxe1 Qxe1+ 42. Qxe1 Rxe1+ 43. Rg1 Rxg1+ 0-1

[Event "Druzynowe Mistrzostwa Polski Juniorow 2018 - II Liga"]
[Site "Szczyrk"]
[Date "1899-12-30"]
[Round "10.35"]
[White "Szelejewska, Maria"]
[Black "Przepiora, Anna"]
[Result "0-1"]
[WhiteTitle "I"]
[BlackTitle "I"]
[WhiteElo "1184"]
[BlackElo "1593"]

1. e4 c5 2. Nf3 Nc6 3. Bb5 Nf6 4. Nc3 a6 5. Bxc6 dxc6 6. O-O Bg4 7. d3 e6 8. Bg5
Be7 9. Qe2 O-O 10. Rad1 Nd7 11. Bxe7 Qxe7 12. Qe3 b5 13. h3 Bh5 14. Rfe1 Rfd8
15. Ne2 Qf6 16. c3 Bxf3 17. gxf3 Ne5 18. f4 Ng6 19. Rd2 Rd7 20. Red1 Rad8 21.
Qxc5 Nxf4 22. Nxf4 Qxf4 23. Qxc6 Rd6 24. Qc5 e5 25. Qe3 Qh4 26. Kh2 Rf6 27. Qg3
Qh6 28. Qxe5 Rf3 29. Kg1 Rxh3 30. Kf1 Rh5 31. Qg3 Rg5 32. Qf3 f5 33. Ke2 Qg6 34.
e5 Re8 35. d4 Rg4 36. Qd5+ Kh8 37. f3 Rg2+ 38. Kd3 Rg3 39. Rf1 Qh5 40. Re2 Qh3
41. e6 Qxf1 42. Qd7 Qxf3+ 43. Kd2 Qd3+ 44. Ke1 Rg1+ 45. Kf2 Qg3# 0-1

[Event "Druzynowe Mistrzostwa Polski Juniorow 2018 - II Liga"]
[Site "Szczyrk"]
[Date "1899-12-30"]
[Round "10.36"]
[White "Sloniewska, Alicja"]
[Black "Pawlowska, Emilia"]
[Result "1/2-1/2"]
[WhiteTitle "I"]
[BlackTitle "II"]
[WhiteElo "1409"]
[BlackElo "1225"]

1. d4 d5 2. c4 Bf5 3. cxd5 Bxb1 4. Rxb1 Qxd5 5. Bf4 Nc6 6. Nf3 O-O-O 7. e3 Qa5+
8. Nd2 e5 9. dxe5 Bb4 10. e4 Nxe5 11. a3 Bxd2+ 12. Bxd2 Qb6 13. Be2 Nf6 14. Qc2
Rhe8 15. O-O Nc6 16. Bg5 Nd4 17. Qc4 Nxe2+ 18. Qxe2 Rxe4 19. Qc2 Rde8 20. Be3
Qa6 21. Rbc1 R8e7 22. Qc5 R4e5 23. Qxa7 Qxa7 24. Bxa7 Rb5 25. Bd4 Re6 26. Rfe1
Kd7 27. Red1 Kc8 28. b4 Rd5 29. Be3 Red6 30. Re1 Rd3 31. Bc5 Rd7 32. b5 b6 33.
Bxb6 Rxa3 34. Be3 Rb3 35. b6 Nd5 36. Bd4 g6 37. bxc7 Rxc7 38. Re8+ Kd7 39. Rce1
Rb1 40. Rxb1 Kxe8 41. g3 h5 42. Re1+ Re7 43. Ra1 Rd7 44. Bc5 Nc7 45. Kg2 Ne6 46.
Re1 Rd5 47. Be3 Re5 48. f4 Rd5 49. Kf3 Ke7 50. Ra1 Nd4+ 51. Ke4 Nc2 52. Ra7+ Rd7
53. Bc5+ Ke8 54. Ra8+ Rd8 55. Ra2 Rd2 56. Be3 Rg2 57. Bc5 f5+ 58. Ke5 Rxh2 59.
Ra8+ Kd7 60. Rg8 Re2+ 61. Kf6 Re6+ 62. Kf7 Rc6 63. Bf2 Rc3 64. Rxg6 Rf3 65. Bb6
h4 66. gxh4 Rxf4 67. h5 Rh4 68. h6 Nb4 69. Kg7 Nd5 70. Bf2 Rh5 71. Kg8 Ne7+ 72.
Kg7 Nxg6 73. Kxg6 Rh2 74. h7 Ke7 75. Bc5+ Ke6 76. Kg7 Ke5 1/2-1/2

[Event "Druzynowe Mistrzostwa Polski Juniorow 2018 - II Liga"]
[Site "Szczyrk"]
[Date "1899-12-30"]
[Round "10.38"]
[White "Burzak, Wojciech"]
[Black "Radecki, Adam"]
[Result "0-1"]
[WhiteTitle "I"]
[BlackTitle "I"]
[WhiteElo "1749"]
[BlackElo "1702"]

1. e4 c5 2. Nf3 e6 3. d4 cxd4 4. Nxd4 a6 5. Nc3 Qb6 6. Nb3 Qc7 7. Bd3 Nf6 8. Qe2
d6 9. O-O Be7 10. a4 b6 11. Kh1 Bb7 12. Bd2 Nbd7 13. f4 O-O 14. Rae1 e5 15. f5
Nc5 16. g4 d5 17. Nxc5 Qxc5 18. g5 Nxe4 19. Bxe4 dxe4 20. Be3 Qb4 21. f6 Bc5 22.
fxg7 Rfe8 23. Qh5 Re7 24. Nd1 Rd8 25. c3 Qb3 26. Rf6 Red7 27. Nf2 Bxe3 28. Rxe3
Qc2 29. Kg2 Qd2 30. Qh3 Rd6 31. Rxd6 Rxd6 32. Qg3 Re6 33. Kh3 Bc8 34. Kh4 h6 35.
g6 Rxg6 36. Rd3 0-1

[Event "Druzynowe Mistrzostwa Polski Juniorow 2018 - II Liga"]
[Site "Szczyrk"]
[Date "1899-12-30"]
[Round "10.39"]
[White "Piechota, Kamil"]
[Black "Kozubek, Krystian"]
[Result "0-1"]
[WhiteTitle "II"]
[BlackTitle "II"]
[WhiteElo "1521"]
[BlackElo "1386"]

1. e4 c6 2. d4 d5 3. exd5 cxd5 4. Bd3 Nf6 5. Bf4 Nc6 6. c3 Bg4 7. f3 Bd7 8. Ne2
e6 9. Nd2 Nh5 10. Be3 Bd6 11. Bf2 Nf4 12. Nxf4 Bxf4 13. Bg3 Bxg3+ 14. hxg3 Qg5
15. g4 Ne7 16. Nb3 b6 17. Qd2 Qxd2+ 18. Kxd2 h6 19. Rae1 Ba4 20. Bc2 Nc8 21. Nc1
Bxc2 22. Kxc2 Nd6 23. Nd3 Ke7 24. Ne5 Rac8 25. Re3 Rhe8 26. Rhe1 f5 27. Ng6+ Kf7
28. Nf4 g5 29. Nd3 Kf6 30. gxf5 Nxf5 31. Re5 Nxd4+ 32. Kd2 Nc6 33. R5e3 Re7 34.
f4 Rce8 35. fxg5+ hxg5 36. Rf3+ Kg6 37. Ne5+ Nxe5 38. Rxe5 Rg8 39. Rff5 g4 40.
Rg5+ Kf7 41. Rxg8 Kxg8 42. Ke3 Kf7 43. Kf4 Kf6 44. Rg5 g3 45. Rxg3 e5+ 46. Ke3
Rh7 47. Rf3+ Ke6 48. Rf8 Rg7 49. Re8+ Kd6 50. Kf2 d4 51. cxd4 exd4 52. Rd8+ Ke5
53. Re8+ Kd5 54. b3 d3 55. Rd8+ Ke4 56. a4 Rf7+ 57. Ke1 Ke3 58. g4 Rc7 59. Re8+
Kd4 60. g5 Rc1+ 61. Kd2 Rc2+ 62. Kd1 Rg2 63. Rc8 Rxg5 64. Kd2 Rg2+ 65. Kc1 Rg5
66. Kd2 Rg2+ 67. Kc1 Ke3 68. Re8+ Kd4 69. Rc8 Re2 70. Rc4+ Ke3 71. Rc3 Re1+ 72.
Kb2 Ke2 73. Rc7 Rf1 74. Re7+ Kd2 75. Rh7 Rf2 76. Rh3 Re2 77. Rg3 Rf2 78. Rh3 Ke2
79. Rh8 Ke3+ 80. Kc1 Rc2+ 81. Kd1 Kd4 82. Rd8+ Kc3 83. b4 Ra2 84. Ke1 Ra1+ 85.
Kf2 d2 0-1

[Event "Druzynowe Mistrzostwa Polski Juniorow 2018 - II Liga"]
[Site "Szczyrk"]
[Date "1899-12-30"]
[Round "10.40"]
[White "Raba, Bartosz"]
[Black "Karwot, Marek"]
[Result "1-0"]
[WhiteTitle "II"]
[BlackTitle "III"]
[WhiteElo "1272"]
[BlackElo "1000"]

1. e4 c5 2. c3 g6 3. d4 cxd4 4. Qxd4 Nf6 5. e5 Nc6 6. Qf4 Nd5 7. Qe4 Nb6 8. Nf3
Bg7 9. Bd3 O-O 10. O-O Re8 11. Nd4 Nxe5 12. f4 d5 13. Qe3 Nxd3 14. Qxd3 Qc7 15.
Nd2 Bd7 16. h3 e6 17. g4 Rac8 18. N2f3 Bc6 19. Kg2 Nd7 20. Rh1 e5 21. fxe5 Nxe5
22. Nxe5 Qxe5 23. Kf2 Qe4 24. Qxe4 Rxe4 25. Be3 Rce8 26. Rhe1 a6 27. Rad1 Be5
28. Rd3 Bf6 29. Re2 Kg7 30. Kf3 h6 31. Rc2 Kh7 32. b3 Kg7 33. a4 a5 34. Rb2 Bh4
35. Nxc6 bxc6 36. Bb6 Bd8 37. Bd4+ Bf6 38. b4 Rb8 39. Bxf6+ Kxf6 40. b5 Rxa4 41.
b6 Re4 42. Rd1 Re7 43. c4 Rd7 44. c5 Re7 45. Rd4 h5 46. Ra4 hxg4+ 47. hxg4 g5
48. Rxa5 Kg6 49. Ra7 Rxa7 50. bxa7 Ra8 51. Rb7 Kf6 52. Ke3 Ke6 53. Rc7 f5 54.
Rxc6+ Ke5 55. Rc7 f4+ 56. Kd3 d4 57. Rd7 f3 58. Rf7 Kd5 59. Rxf3 Kxc5 60. Rf5+
Kb6 61. Kxd4 Rxa7 62. Rxg5 Ra4+ 63. Ke5 Kc7 64. Kf6 Kd8 65. Kg7 Ra7+ 66. Kg8 Ra6
67. Rg7 Ke8 68. g5 Re6 69. g6 Rf6 70. Kh7 Kf8 71. Rg8+ Ke7 72. Ra8 Rf7+ 73. gxf7
Kxf7 74. Ra6 Ke7 75. Kg7 Kd7 76. Kf7 Kc7 77. Ke7 Kb7 78. Re6 Kc7 79. Rd6 Kb7 80.
Kd7 Ka7 81. Kc7 1-0

[Event "Druzynowe Mistrzostwa Polski Juniorow 2018 - II Liga"]
[Site "Szczyrk"]
[Date "1899-12-30"]
[Round "10.41"]
[White "Obrochta, Lena"]
[Black "Gredka, Dominika"]
[Result "0-1"]
[WhiteTitle "I"]
[BlackTitle "I++"]
[WhiteElo "1422"]
[BlackElo "1794"]

1. e4 c5 2. Nc3 Nc6 3. f4 e6 4. Nf3 d5 5. Bb5 Ne7 6. d3 d4 7. Ne2 Qa5+ 8. Bd2 Qxb5
9. b3 Qb6 10. O-O Qc7 11. Ng3 h6 12. Qe2 Bd7 13. a3 Ng8 14. Kh1 Nf6 15. Rab1 Be7
16. Ne5 a6 17. Rf2 g6 18. Rbf1 Rh7 19. Kg1 O-O-O 20. Rb1 h5 21. Nxd7 Qxd7 22.
b4 cxb4 23. axb4 Na7 24. Rf3 Nb5 25. Qe1 Kb8 26. Ne2 Rc8 27. c4 dxc3 28. Nxc3
Qd4+ 29. Kh1 Nxc3 30. Bxc3 Qxc3 31. Qxc3 Rxc3 32. h3 Rh8 33. Kg1 Rhc8 34. Kh2
b5 35. Re3 Kb7 36. Kg3 Rd8 37. Kf3 Rdxd3 38. Rxd3 Rxd3+ 39. Ke2 Rc3 40. e5 Nd5
0-1

[Event "Druzynowe Mistrzostwa Polski Juniorow 2018 - II Liga"]
[Site "Szczyrk"]
[Date "1899-12-30"]
[Round "10.42"]
[White "Jureczko, Anna"]
[Black "Czerwinska, Oliwia"]
[Result "1/2-1/2"]
[WhiteTitle "II+"]
[BlackTitle "I"]
[WhiteElo "1204"]
[BlackElo "1245"]

1. e4 e5 2. Nf3 Nc6 3. Bc4 Bc5 4. d3 Nf6 5. Nc3 d6 6. Bg5 h6 7. Bxf6 Qxf6 8. Nd5
Qd8 9. c3 Ne7 10. d4 exd4 11. cxd4 Bb6 12. Nxb6 axb6 13. h3 O-O 14. O-O Ng6 15.
Rc1 Be6 16. a3 Bxc4 17. Rxc4 c6 18. Qd2 Re8 19. Re1 d5 20. exd5 Rxe1+ 21. Qxe1
Qxd5 22. Rc3 Rd8 23. Re3 Qd7 24. Re4 b5 25. Kh1 Kf8 26. Kg1 Re8 27. Rxe8+ Qxe8
28. Qxe8+ Kxe8 29. g3 Ke7 30. Kf1 Ke6 31. Ke2 Ne7 32. Kd3 Nd5 33. Ne5 Nb6 34.
b3 1/2-1/2